[Event "Regency Masters"]
[Site "Ramsgate"]
[Date "1982.12.07"]
[Round "4.2"]
[White "Milos, Gilberto"]
[Black "Forintos, Gyozo Victor"]
[Result "1-0"]
[WhiteElo "2395"]
[BlackElo "2410"]
[PlyCount "119"]
[EventDate "1982.12.04"]
[EventType "swiss"]
[EventRounds "9"]
[EventCountry "ENG"]
[SourceTitle "BritBase"]
[Source "John Saunders"]
[SourceDate "2021.10.06"]
[SourceVersion "1"]
[SourceVersionDate "2021.10.06"]
[SourceQuality "1"]

1. Nf3 c5 2. c4 Nf6 3. g3 d5 4. cxd5 Nxd5 5. Bg2 Nc6 6. Nc3 Nc7 7. a3 e6 8. O-O
Be7 9. e3 Qd3 10. Ne1 Qd7 11. Nc2 e5 12. b4 cxb4 13. Nxb4 Nxb4 14. axb4 Bxb4
15. Qh5 Qe7 16. Bb2 O-O 17. f4 exf4 18. Rxf4 a5 19. Rh4 h6 20. Nd5 Nxd5 21.
Bxg7 Qg5 22. Bxf8 Qxh5 23. Rxh5 Nf6 24. Bxb4 Nxh5 25. Bxa5 {(Bulletin 'Bxc5')}
Kh7 26. Bc3 Rxa1+ 27. Bxa1 Kg6 28. Kf2 b5 29. d4 Nf6 30. Ke2 Bf5 31. Bc3 Ne4
32. Bb4 h5 33. Kf3 Ng5+ 34. Kf4 f6 35. e4 Bd7 36. Ke3 Nf7 37. Bf1 Nh6 38. h3
Nf7 39. Be7 Ng5 40. h4 Nf7 41. Bd3 Kg7 42. Be2 Kg6 43. Bf8 Nd8 44. d5 Nf7 45.
Kd4 Ne5 46. Kc5 Nc4 47. Bd6 Nd2 48. Bd3 Nb3+ 49. Kb4 Nc1 50. Bf1 Bg4 51. Bxb5
Bf3 52. Bf4 Ne2 53. d6 Nd4 54. d7 Ne6 55. Bc4 Nd8 56. Bd5 Bg4 57. Bc7 Bxd7 58.
Bxd8 Bg4 59. Kc5 Kg7 60. Kd6 1-0

[Event "Regency Masters"]
[Site "Ramsgate"]
[Date "1982.12.07"]
[Round "4.3"]
[White "Kurajica, Bojan"]
[Black "Short, Nigel D"]
[Result "1-0"]
[WhiteElo "2545"]
[BlackElo "2485"]
[PlyCount "95"]
[EventDate "1982.12.04"]
[EventType "swiss"]
[EventRounds "9"]
[EventCountry "ENG"]
[SourceTitle "EXT 2010"]
[Source "ChessBase"]
[SourceDate "2010.11.25"]
[SourceVersion "1"]
[SourceVersionDate "2010.11.25"]
[SourceQuality "1"]

1. d4 e6 2. Nf3 Nf6 3. g3 b6 4. Bg2 Bb7 5. c4 Bb4+ 6. Bd2 a5 7. O-O O-O 8. Bf4
Be7 9. Nc3 Ne4 10. Na4 d6 11. Nd2 Nxd2 12. Bxb7 Ra7 13. Qxd2 Rxb7 14. e4 Nd7
15. Be3 b5 16. cxb5 Rxb5 17. Rac1 Qb8 18. Qc2 Bd8 19. Qc6 Nf6 20. f3 Kh8 21. b3
Ng8 22. Qa6 Ne7 23. Nc3 Rb4 24. d5 exd5 25. exd5 Nf5 26. Bf2 Bg5 27. f4 Bf6 28.
Qxa5 h5 29. Qa6 Nh6 30. Qd3 Qc8 31. Ne4 Be7 32. Bd4 Qb7 33. Ng5 Bxg5 34. fxg5
Ng4 35. h3 Ne5 36. Bxe5 dxe5 37. g6 e4 38. Rxf7 Qb6+ 39. Kg2 Ra8 40. Qe2 Qxg6
41. Rfxc7 Rbb8 42. R1c6 Qg5 43. h4 Qf5 44. Rh6+ Kg8 45. Rxh5 Rxa2 46. Rxf5
Rxe2+ 47. Kh3 Rxb3 48. Rg5 1-0

[Event "Regency Masters"]
[Site "Ramsgate"]
[Date "1982.12.07"]
[Round "4.4"]
[White "Manouck, Thierry"]
[Black "Hebden, Mark L"]
[Result "0-1"]
[WhiteElo "2385"]
[BlackElo "2415"]
[PlyCount "66"]
[EventDate "1982.12.04"]
[EventType "swiss"]
[EventRounds "9"]
[EventCountry "ENG"]
[SourceTitle "BritBase"]
[Source "John Saunders"]
[SourceDate "2021.10.06"]
[SourceVersion "1"]
[SourceVersionDate "2021.10.06"]
[SourceQuality "1"]

1. c4 e5 2. g3 Nc6 3. Bg2 d6 4. Nc3 Be6 5. d3 Qd7 6. b4 Nge7 7. b5 Nd8 8. e4 g6
9. Be3 Bg7 10. a4 O-O 11. Rc1 c6 12. Nge2 Bh3 13. O-O Bxg2 14. Kxg2 f5 15. f3
Ne6 16. d4 f4 17. gxf4 exf4 18. Bf2 Ng5 19. Ng1 Nf7 20. h4 Bh6 21. Nh3 Kh8 22.
Rh1 d5 23. cxd5 cxd5 24. Nxd5 Nxd5 25. exd5 Nd6 26. Rc5 Rae8 27. Qc2 Rf7 28.
Rc1 Ree7 29. Qd3 Nf5 30. Qc4 Ne3+ 31. Bxe3 fxe3 32. Qe2 Qd6 33. R1c2 Qf6 0-1

[Event "Regency Masters"]
[Site "Ramsgate"]
[Date "1982.12.07"]
[Round "4.7"]
[White "Grzesik, Thomas"]
[Black "Van Mil, Johan"]
[Result "1/2-1/2"]
[WhiteElo "2330"]
[BlackElo "2315"]
[PlyCount "35"]
[EventDate "1982.12.04"]
[EventType "swiss"]
[EventRounds "9"]
[EventCountry "ENG"]
[SourceTitle "BritBase"]
[Source "John Saunders"]
[SourceDate "2021.10.06"]
[SourceVersion "1"]
[SourceVersionDate "2021.10.06"]
[SourceQuality "1"]

1. e4 c5 2. Nf3 d6 3. d3 Nc6 4. g3 g6 5. Bg2 Bg7 6. O-O e6 7. c3 Nge7 8. Be3
O-O 9. Qd2 b6 10. d4 Bb7 11. Na3 cxd4 12. Nxd4 Nxd4 13. Bxd4 e5 14. Be3 d5 15.
Rfd1 dxe4 16. Qc2 Qc8 17. Nb5 Nf5 18. Nd6 1/2-1/2

[Event "Regency Masters"]
[Site "Ramsgate"]
[Date "1982.12.07"]
[Round "4.8"]
[White "Britton, Richard"]
[Black "Carlier, Bruno"]
[Result "1-0"]
[WhiteElo "2320"]
[BlackElo "2255"]
[PlyCount "69"]
[EventDate "1982.12.04"]
[EventType "swiss"]
[EventRounds "9"]
[EventCountry "ENG"]
[SourceTitle "BritBase"]
[Source "John Saunders"]
[SourceDate "2021.10.06"]
[SourceVersion "1"]
[SourceVersionDate "2021.10.06"]
[SourceQuality "1"]

1. e4 c5 2. Nf3 e6 3. d3 Nc6 4. g3 g6 5. Bg2 Bg7 6. O-O Nge7 7. c3 O-O 8. d4
cxd4 9. cxd4 d5 10. e5 b6 11. Re1 a5 12. Bf4 h6 13. h4 Ba6 14. a3 Qd7 15. Nc3
Rfc8 16. g4 Rc7 17. Qd2 Kh7 18. Rad1 Na7 19. h5 gxh5 20. gxh5 Rg8 21. Kh2 Qc8
22. Bh3 b5 23. Rc1 Bf8 24. b4 axb4 25. axb4 Nac6 26. Qb2 Qd8 27. Qb1+ Kh8 28.
Ne2 Nc8 29. Bd2 Nb6 30. Rg1 Rxg1 31. Rxg1 Nc4 32. Bg5 hxg5 33. Nxg5 f5 34. Nxe6
Qe7 35. N2f4 1-0

[Event "Regency Masters"]
[Site "Ramsgate"]
[Date "1982.12.07"]
[Round "4.11"]
[White "Plaskett, H James"]
[Black "Kosten, Anthony C"]
[Result "0-1"]
[WhiteElo "2430"]
[BlackElo "2340"]
[Annotator "Martin, Andrew"]
[PlyCount "68"]
[EventDate "1982.12.04"]
[EventType "swiss"]
[EventRounds "9"]
[EventCountry "ENG"]
[SourceTitle "BritBase"]
[Source "John Saunders"]
[SourceDate "2021.10.06"]
[SourceVersion "1"]
[SourceVersionDate "2021.10.06"]
[SourceQuality "1"]

1. Nf3 Nf6 2. c4 e6 3. d4 c5 4. d5 exd5 5. cxd5 d6 6. Nc3 g6 7. e4 Bg7 8. Bg5
h6 9. Bh4 a6 (9... O-O $6 10. Nd2 Re8 11. Be2 a6 12. a4 Nbd7 13. O-O g5 (13...
Qc7 14. Bg3 $1) 14. Bg3 Ne5 15. Re1 $16 {Martin-Van Tilbury, Wijk aan Zee 1983}
) 10. Nd2 b5 11. Be2 O-O 12. O-O Re8 (12... Nbd7 13. Bg3 Qe7 14. Qc2 {/\a4+/-})
13. Qc2 Qc7 14. Rae1 Nbd7 15. a4 b4 16. Nd1 b3 17. Qb1 Rb8 18. Ne3 $6 (18. Bc4
$1 Rb4 19. Bxb3 Nxe4 20. Nxe4 Rxb3 21. Nxc5 $1 {bulletin, but} Rxe1 22. Nxb3
Rxf1+ 23. Kxf1 Qc4+ $19 {Stockfish}) 18... Rb4 19. Nec4 Ne5 20. Bg3 Nxc4 21.
Nxc4 Nxe4 22. Bd3 Qd8 23. a5 Nxg3 24. fxg3 Rxe1 25. Rxe1 Bb7 26. Bxg6 Rxc4 27.
Bxf7+ Kxf7 28. Qh7 Qg5 29. Rf1+ Ke7 30. Re1+ Kd7 31. h4 Qg4 32. Re6 Rc1+ 33.
Kh2 Bxd5 34. Rg6 Rh1+ 0-1

[Event "Regency Masters"]
[Site "Ramsgate"]
[Date "1982.12.07"]
[Round "4.13"]
[White "Pagden, Michael Ashley"]
[Black "Flear, Glenn C"]
[Result "1-0"]
[WhiteElo "2300"]
[BlackElo "2365"]
[PlyCount "63"]
[EventDate "1982.12.04"]
[EventType "swiss"]
[EventRounds "9"]
[EventCountry "ENG"]
[SourceTitle "BritBase"]
[Source "John Saunders"]
[SourceDate "2021.10.06"]
[SourceVersion "1"]
[SourceVersionDate "2021.10.06"]
[SourceQuality "1"]

1. c4 e6 2. Nf3 d5 3. g3 Nf6 4. Bg2 Be7 5. O-O O-O 6. b3 c5 7. Bb2 Nc6 8. e3 b6
9. Qe2 Bb7 10. Nc3 dxc4 11. bxc4 Rc8 12. d3 Rc7 13. Rad1 Rd7 14. Ne1 Qa8 15. f4
Rfd8 16. a3 a6 17. Ba1 Na7 18. Nf3 b5 19. cxb5 axb5 20. e4 b4 21. Na4 Nc8 22.
Nb2 Qxa3 23. Nc4 Qa6 24. Nfe5 Rc7 25. g4 Nb6 26. g5 Nfd7 27. Qh5 Nxe5 28. Nxe5
Bf8 29. Rf3 g6 30. Qh4 f5 31. gxf6 Bxe4 32. f7+ 1-0

[Event "Regency Masters"]
[Site "Ramsgate"]
[Date "1982.12.07"]
[Round "4.17"]
[White "Arkell, Keith C"]
[Black "Grooten, Herman"]
[Result "0-1"]
[WhiteElo "2270"]
[BlackElo "2305"]
[PlyCount "60"]
[EventDate "1982.12.04"]
[EventType "swiss"]
[EventRounds "9"]
[EventCountry "ENG"]
[SourceTitle "BritBase"]
[Source "John Saunders"]
[SourceDate "2021.10.06"]
[SourceVersion "1"]
[SourceVersionDate "2021.10.06"]
[SourceQuality "1"]

1. d4 Nf6 2. c4 e6 3. g3 c5 4. Nf3 cxd4 5. Nxd4 Qa5+ 6. Nc3 Bb4 7. Bd2 Qc5 8.
e3 e5 9. Nc2 Qc6 10. Nxb4 $5 Qxh1 11. Nbd5 Nxd5 12. Nxd5 Na6 13. Qg4 O-O 14.
O-O-O d6 (14... Qxh2) 15. Nf6+ Kh8 16. Qh4 Bf5 17. g4 gxf6 18. Qxf6+ Kg8 19.
Bh3 $6 (19. gxf5 Qg1 20. Qh4 $18) (19. e4 $3 {Stockfish} Qxe4 20. gxf5 Qg4 21.
Bh6 Nc5 22. Bh3 Ne4 23. Qe7 $18) 19... Qxh2 20. gxf5 Rfc8 21. Qh6 $2 (21. Bc3
Rxc4 22. Qg5+ Kf8 23. f6 $18) 21... Rxc4+ 22. Kb1 $2 Rg4 $3 $19 23. e4 Rg1 24.
Rxg1+ Qxg1+ 25. Kc2 Rc8+ 26. Kd3 Nc5+ 27. Ke3 Rc6 28. f6 Qg6 29. Qh4 h6 30. Kf3
d5 0-1

[Event "Regency Masters"]
[Site "Ramsgate"]
[Date "1982.12.08"]
[Round "5.3"]
[White "Short, Nigel D"]
[Black "Nunn, John DM"]
[Result "1/2-1/2"]
[WhiteElo "2485"]
[BlackElo "2565"]
[PlyCount "127"]
[EventDate "1982.12.04"]
[EventType "swiss"]
[EventRounds "9"]
[EventCountry "ENG"]
[SourceTitle "BritBase"]
[Source "John Saunders"]
[SourceDate "2021.10.06"]
[SourceVersion "1"]
[SourceVersionDate "2021.10.06"]
[SourceQuality "1"]

1. e4 c5 2. Nf3 e6 3. d4 cxd4 4. Nxd4 Nf6 5. Nc3 Nc6 6. Ndb5 d6 7. Bf4 e5 8.
Bg5 a6 9. Na3 b5 10. Nd5 Be7 11. Bxf6 Bxf6 12. c3 O-O 13. Nc2 Rb8 14. Be2 Bg5
15. O-O a5 16. Qd3 Ne7 17. Rfd1 Nxd5 18. Qxd5 Bb7 19. Qd3 Qe7 20. a4 Bc6 21. b4
Qb7 22. Bf3 axb4 23. Nxb4 bxa4 24. Nxc6 Qxc6 25. Qxd6 Qxc3 26. Qa3 Qxa3 27.
Rxa3 Rb4 28. Rda1 Ra8 29. Bd1 g6 30. Rxa4 Raxa4 31. Bxa4 Rxe4 32. g3 Be7 33.
Ra2 Rb4 34. Bc6 Rb6 35. Bd5 Rd6 36. Bb3 Rd7 37. Re2 Bd6 38. Kg2 Kf8 39. Bd5 Bc7
40. Bc6 Rd6 41. Bf3 {('Bf5' bulletin)} Rd4 42. Re4 Rd7 43. Ra4 Bb6 44. Rb4 Rd6
45. Rb5 Bd4 46. Rb7 Rf6 47. Rb4 g5 48. h3 h5 49. Rc4 g4 50. hxg4 hxg4 51. Bxg4
Rxf2+ 52. Kh3 Kg7 53. Bc8 Kg6 54. Kh4 f6 55. Bd7 f5 56. Rc6+ Kg7 57. Rc7 Kf6
58. Rc6+ Ke7 59. Bc8 e4 60. Kg5 e3 61. Bxf5 e2 62. Re6+ Kf7 63. Bg4 Bf6+ 64.
Rxf6+ 1/2-1/2

[Event "Regency Masters"]
[Site "Ramsgate"]
[Date "1982.12.08"]
[Round "5.4"]
[White "Forintos, Gyozo Victor"]
[Black "Britton, Richard"]
[Result "0-1"]
[WhiteElo "2410"]
[BlackElo "2320"]
[Annotator "Martin, Andrew"]
[PlyCount "82"]
[EventDate "1982.12.04"]
[EventType "swiss"]
[EventRounds "9"]
[EventCountry "ENG"]
[SourceTitle "BritBase"]
[Source "John Saunders"]
[SourceDate "2021.10.06"]
[SourceVersion "1"]
[SourceVersionDate "2021.10.06"]
[SourceQuality "1"]

1. d4 Nf6 2. c4 g6 3. Nc3 Bg7 4. e4 O-O 5. Be2 d6 6. Bg5 Nbd7 7. Qd2 (7. d5 $5
Nc5 8. Qc2 c6 9. Nf3 cxd5 10. cxd5 Bd7 11. Rc1 Rc8 12. Qb1 Nfxe4 13. Nxe4 Bf5
14. Nfd2 Qb6 15. O-O Bxb2 {Uhlmann-Geller, Moscow 1967 (½-½, 42)}) 7... e5 8.
d5 Nc5 (8... a6 9. h4 Nc5 10. Qc2 h6 11. Be3 Qe7 12. h5 g5 13. f3 c6 14. g4
cxd5 15. cxd5 a5 16. Nh3 Bd7 17. Nf2 Rfc8 18. Qd2 $14 {Macharashvili,G-Zaitsev,
I (2165), Kishinev 1976 (1-0, 44)}) 9. f3 $5 (9. Bf3 a5 10. h4 c6 11. Nge2 b5
$1 12. cxb5 (12. dxc6 $1 bxc4 13. Nd5 Ne6 14. Nec3 Ra6 15. c7 $1 Nxc7 16. h5
$14 {Olafsson,F-Savon,V Moscow 1971 (1-0, 41)}) 12... cxb5 13. Nxb5 Rb8 $13)
9... a5 (9... c6) (9... h6) 10. h4 Qd7 11. Rh2 Nh5 12. g4 Nf4 13. Bxf4 exf4 14.
Nh3 a4 15. Rh1 a3 16. b3 Qe7 17. Nf2 Bd7 18. Rc1 Rae8 19. b4 Na4 20. Nxa4 Bxa4
21. Bd1 Bd7 22. h5 Bb2 23. Rb1 Qf6 24. Kf1 c6 25. Be2 cxd5 26. cxd5 Bd4 27. Qd3
Rc8 28. Qxa3 Rc3 29. Rb3 Rc2 30. Nd1 Rfc8 31. Rb1 Qd8 32. Bd3 Rd2 33. b5 Ra8
34. Qb3 Raxa2 35. Qc4 Qb6 36. Rc1 Bc3 $1 (36... Rxd1+ $1 37. Rxd1 Rf2+ 38. Kg1
Re2+ 39. Kf1 Bg1 $1 {and mates - Stockfish 14}) 37. Qxa2 Rxa2 38. Rxc3 Bxb5 39.
Ke1 Bxd3 {('Bxa3' bulletin)} 40. Rxd3 Qb4+ 41. Kf1 Qc4 {"A tremendous game" 
(Martin, bulletin)} 0-1

[Event "Regency Masters"]
[Site "Ramsgate"]
[Date "1982.12.08"]
[Round "5.5"]
[White "Van Mil, Johan"]
[Black "Pagden, Michael Ashley"]
[Result "1-0"]
[WhiteElo "2315"]
[BlackElo "2300"]
[PlyCount "80"]
[EventDate "1982.12.04"]
[EventType "swiss"]
[EventRounds "9"]
[EventCountry "ENG"]
[SourceTitle "BritBase"]
[Source "John Saunders"]
[SourceDate "2021.10.06"]
[SourceVersion "1"]
[SourceVersionDate "2021.10.06"]
[SourceQuality "1"]

1. e4 g6 2. d4 Bg7 3. c3 d6 4. Bg5 Nf6 5. Nd2 e5 6. dxe5 dxe5 7. Ngf3 {('Nf3'
bulletin)} Nbd7 8. h3 h6 9. Be3 Qe7 10. Qc2 O-O 11. Nc4 a5 12. a4 b6 13. Nfd2
Bb7 14. Be2 Nc5 15. Bf3 Rfd8 16. O-O Nh7 17. Be2 Ng5 18. f3 Nce6 19. Rfd1 Nf4
20. Bf1 h5 21. Na3 h4 22. Ndc4 Nge6 23. Kh2 Qg5 24. Qf2 f5 25. Nd2 Qg3+ 26.
Qxg3 hxg3+ 27. Kxg3 Nd3 28. exf5 gxf5 29. Ndc4 f4+ 30. Kh2 e4 31. Bxd3 exd3 32.
Bf2 Bc6 33. Nb5 Bxb5 34. axb5 Rd5 35. Rd2 Rad8 36. Rad1 Rxb5 37. Rxd3 Rxd3 38.
Rxd3 a4 39. h4 Rb3 40. Rd2 b5 1-0

[Event "Regency Masters"]
[Site "Ramsgate"]
[Date "1982.12.08"]
[Round "5.11"]
[White "Grooten, Herman"]
[Black "Law, Andrew P"]
[Result "1-0"]
[WhiteElo "2305"]
[BlackElo "2365"]
[PlyCount "69"]
[EventDate "1982.12.04"]
[EventType "swiss"]
[EventRounds "9"]
[EventCountry "ENG"]
[SourceTitle "BritBase"]
[Source "John Saunders"]
[SourceDate "2021.10.06"]
[SourceVersion "1"]
[SourceVersionDate "2021.10.06"]
[SourceQuality "1"]

1. d4 Nf6 2. c4 e6 3. Nf3 b6 4. a3 Bb7 5. Nc3 d5 6. cxd5 exd5 7. g3 Be7 8. Bg2
O-O 9. O-O c5 10. Bf4 Na6 11. dxc5 bxc5 12. Ne5 Nc7 13. Qa4 Ne6 14. Rad1 Nxf4
15. gxf4 Qb6 16. Nxd5 Nxd5 17. Bxd5 Bxd5 18. Rxd5 Qxb2 19. e3 Qb6 20. Qe4 Qb7
21. Rb1 Qc8 22. Rd7 Bf6 23. Rbb7 Bxe5 24. fxe5 Rb8 25. Rbc7 Qa6 26. e6 Qe2 27.
Rxf7 Kh8 28. Rxf8+ Rxf8 29. Qf4 Kg8 30. Rf7 Rd8 31. Rxg7+ Kxg7 32. Qg5+ Kf8 33.
Qxd8+ Kg7 34. Qg5+ Kf8 35. Qf6+ 1-0

[Event "Regency Masters"]
[Site "Ramsgate"]
[Date "1982.12.08"]
[Round "5.17"]
[White "Upton, Timothy J"]
[Black "Hanreck, Alan E"]
[Result "1-0"]
[WhiteElo "2295"]
[BlackElo "2290"]
[PlyCount "51"]
[EventDate "1982.12.04"]
[EventType "swiss"]
[EventRounds "9"]
[EventCountry "ENG"]
[SourceTitle "BritBase"]
[Source "John Saunders"]
[SourceDate "2021.10.06"]
[SourceVersion "1"]
[SourceVersionDate "2021.10.06"]
[SourceQuality "1"]

1. e4 c5 2. Nf3 d6 3. d4 cxd4 4. Nxd4 Nf6 5. Nc3 a6 6. a4 Nc6 7. Be2 Bd7 8. O-O
g6 9. Bg5 Bg7 10. Nb3 O-O 11. f4 Rc8 12. Kh1 Be6 13. Bf3 Nd7 14. Re1 Re8 15.
Rc1 Bxb3 16. cxb3 Nc5 17. Bg4 Rb8 18. Re3 Ne6 $2 19. Bxe6 fxe6 20. Qg4 Qd7 21.
Rh3 Rf8 22. Qh4 h5 23. g4 Qe8 24. gxh5 gxh5 25. Rg1 Kh7 26. Qg4 1-0

[Event "Regency Masters"]
[Site "Ramsgate"]
[Date "1982.12.08"]
[Round "5.18"]
[White "Binham, Timothy F"]
[Black "Smith, Robert W"]
[Result "1-0"]
[WhiteElo "2345"]
[BlackElo "2225"]
[PlyCount "46"]
[EventDate "1982.12.04"]
[EventType "swiss"]
[EventRounds "9"]
[EventCountry "ENG"]
[SourceTitle "BritBase"]
[Source "John Saunders"]
[SourceDate "2021.10.06"]
[SourceVersion "1"]
[SourceVersionDate "2021.10.06"]
[SourceQuality "1"]

1. d4 Nf6 2. Nf3 e6 3. c4 c5 4. e3 d5 5. Nc3 Nc6 6. a3 cxd4 7. exd4 dxc4 8.
Bxc4 Be7 9. O-O O-O 10. Re1 b6 11. Bg5 Bb7 12. Ba2 Rc8 13. Qd3 Qd7 14. Rad1
Rfd8 15. d5 Nxd5 16. Bxd5 exd5 17. Nxd5 Bd6 18. Bxd8 Qxd8 {(Bulletin gives
'Rxd8' but thereafter the score makes no sense)} 19. Nxb6 Bxh2+ 20. Kxh2 Qxb6
21. Ng5 g6 22. Qd7 Qc7+ 23. Kg1 h6 1-0

[Event "Regency Masters"]
[Site "Ramsgate"]
[Date "1982.12.09"]
[Round "6.1"]
[White "Milos, Gilberto"]
[Black "Hebden, Mark L"]
[Result "1/2-1/2"]
[WhiteElo "2395"]
[BlackElo "2415"]
[PlyCount "53"]
[EventDate "1982.12.04"]
[EventType "swiss"]
[EventRounds "9"]
[EventCountry "ENG"]
[SourceTitle "BritBase"]
[Source "John Saunders"]
[SourceDate "2021.10.06"]
[SourceVersion "1"]
[SourceVersionDate "2021.10.06"]
[SourceQuality "1"]

1. Nf3 Nf6 2. c4 g6 3. g3 Bg7 4. Bg2 O-O 5. O-O d6 6. Nc3 Nc6 7. d3 e5 8. Rb1
Re8 9. Nd2 Bg4 10. b4 Qd7 11. b5 Nd8 12. Re1 Bh3 13. Bh1 Ng4 14. Nde4 Ne6 15.
f3 f5 16. fxg4 fxe4 17. Nxe4 Bxg4 18. Nf2 Nc5 19. Be3 Rab8 20. Nxg4 Qxg4 21.
Qd2 b6 22. Rf1 Rf8 23. Bf3 Qd7 24. Bd5+ Kh8 25. Kg2 a5 26. Bxc5 dxc5 27. Qg5
1/2-1/2

[Event "Regency Masters"]
[Site "Ramsgate"]
[Date "1982.12.09"]
[Round "6.2"]
[White "Kurajica, Bojan"]
[Black "Langeweg, Kick"]
[Result "1-0"]
[WhiteElo "2545"]
[BlackElo "2395"]
[PlyCount "45"]
[EventDate "1982.12.04"]
[EventType "swiss"]
[EventRounds "9"]
[EventCountry "ENG"]
[SourceTitle "BritBase"]
[Source "John Saunders"]
[SourceDate "2021.10.06"]
[SourceVersion "1"]
[SourceVersionDate "2021.10.06"]
[SourceQuality "1"]

1. e4 c5 2. Nf3 e6 3. d4 cxd4 4. Nxd4 Nc6 5. Nc3 d6 6. Be2 Nf6 7. O-O Be7 8.
Kh1 O-O 9. f4 Bd7 10. Nf3 d5 11. e5 Ng4 12. Bd3 Nh6 13. Be3 f6 14. exf6 Bxf6
15. Bc5 Re8 16. Qd2 b6 17. Bg1 Ne7 18. Rae1 Nef5 19. Nb5 Bxb5 20. Bxb5 Re7 21.
Bd3 Bxb2 22. g4 Nd6 23. Qb4 1-0

[Event "Regency Masters"]
[Site "Ramsgate"]
[Date "1982.12.09"]
[Round "6.4"]
[White "Nunn, John DM"]
[Black "Van Mil, Johan"]
[Result "1-0"]
[WhiteElo "2565"]
[BlackElo "2315"]
[Annotator "Martin, Andrew"]
[PlyCount "53"]
[EventDate "1982.12.04"]
[EventType "swiss"]
[EventRounds "9"]
[EventCountry "ENG"]
[SourceTitle "BritBase"]
[Source "John Saunders"]
[SourceDate "2021.10.06"]
[SourceVersion "1"]
[SourceVersionDate "2021.10.06"]
[SourceQuality "1"]

1. e4 c5 2. Nf3 d6 3. d4 cxd4 4. Nxd4 Nf6 5. Nc3 e6 6. g4 h6 7. h4 Nc6 8. Rg1 (
8. g5 hxg5 9. Bxg5 Qb6 10. Nb3 a6 11. Bg2 Qc7 12. Qe2 b5 13. a3 Bb7 14. Rh3
O-O-O 15. O-O-O Kb8 16. Kb1 $14 {Lanka,Z (2345)-Wojtkiewicz,A. Soviet Union
1982 (1-0, 49)}) 8... h5 9. g5 Ng4 10. Be2 g6 $6 (10... Qb6 $5 11. Bxg4 hxg4
12. Nxc6 bxc6 13. Qxg4 d5 14. g6 f6 15. h5 Bc5 16. Qf3 Ba6 17. h6 $13 {
Rodriguez Cespedes,A (2360)-Adorjan,A (2515), Toluca de Lerdo Interzonal 1982 
(0-1, 20)}) 11. Nxc6 bxc6 12. Bxg4 $146 (12. b3 $6 Qb6 13. Bxg4 hxg4 14. Qxg4
Bg7 $2 (14... d5 $1 $13 {Chandler}) 15. Bb2 Qc5 16. Qf3 $16 {Chandler,M (2470)
-Christiansen,L (2585), Surakarta 1982 (1-0, 37)}) 12... hxg4 13. Qxg4 d5 14.
exd5 $1 cxd5 (14... exd5 15. Qa4 Bd7 {is a better try.}) 15. Be3 Bg7 16. O-O-O
Qa5 17. Bd4 e5 18. Qe2 Ba6 19. Qe3 O-O 20. Bxe5 Rfe8 21. Rxd5 Qxd5 22. Nxd5
Rxe5 23. Qf3 Rc8 24. Nf6+ Bxf6 25. gxf6 Re2 26. c3 Rb8 27. Qd5 1-0

[Event "Regency Masters"]
[Site "Ramsgate"]
[Date "1982.12.09"]
[Round "6.5"]
[White "Short, Nigel D"]
[Black "Kosten, Anthony C"]
[Result "0-1"]
[WhiteElo "2485"]
[BlackElo "2340"]
[PlyCount "50"]
[EventDate "1982.12.04"]
[EventType "swiss"]
[EventRounds "9"]
[EventCountry "ENG"]
[SourceTitle "BritBase"]
[Source "John Saunders"]
[SourceDate "2021.10.06"]
[SourceVersion "1"]
[SourceVersionDate "2021.10.06"]
[SourceQuality "1"]

1. e4 c5 2. Nf3 d6 3. d4 cxd4 4. Nxd4 Nf6 5. Nc3 a6 6. g3 e5 7. Nde2 Nbd7 8.
Bg2 Be7 9. O-O b5 10. a3 Bb7 11. Bg5 O-O 12. Nc1 Rc8 13. Re1 Nb6 14. N1a2 {
('Nca2' is the bulletin's unhelpful attempt to resolve the ambiguity!)} h6 15.
Bxf6 Bxf6 16. Qd3 Rc4 17. Nb4 Rd4 18. Qe2 Nc4 19. Nd3 Bg5 20. Rad1 f5 21. exf5
Bxg2 22. Kxg2 Rxf5 23. Ne4 Ne3+ 24. fxe3 Rxe4 25. Qd2 Qa8 0-1

[Event "Regency Masters"]
[Site "Ramsgate"]
[Date "1982.12.09"]
[Round "6.6"]
[White "Manouck, Thierry"]
[Black "Grooten, Herman"]
[Result "1-0"]
[WhiteElo "2385"]
[BlackElo "2305"]
[PlyCount "129"]
[EventDate "1982.12.04"]
[EventType "swiss"]
[EventRounds "9"]
[EventCountry "ENG"]
[SourceTitle "BritBase"]
[Source "John Saunders"]
[SourceDate "2021.10.06"]
[SourceVersion "1"]
[SourceVersionDate "2021.10.06"]
[SourceQuality "1"]

1. c4 c5 2. g3 Nf6 3. Bg2 d5 4. cxd5 Nxd5 5. Nc3 Nc7 6. Nf3 Nc6 7. O-O g6 8. d3
Bg7 9. Be3 b6 10. Qd2 O-O 11. Bh6 Rb8 12. Bxg7 Kxg7 13. Rab1 e5 14. a3 a5 15.
b4 axb4 16. axb4 cxb4 17. Na2 Nd5 18. Rfc1 Bb7 19. e4 Nf6 20. Nxb4 Nxb4 21.
Rxb4 Nd7 22. Qb2 f6 23. Bh3 Nc5 24. Rxc5 bxc5 25. Rxb7+ Rxb7 26. Qxb7+ Rf7 27.
Qc8 Qxd3 28. Kg2 Qd6 29. Be6 Rf8 30. Qb7+ Kh8 31. Bd5 Rb8 {('Rfb8' bulletin)}
32. Qa7 {('Qe7' bulletin)} Rb2 33. h4 Rb8 34. Nd2 Re8 35. Nb3 Rc8 36. Na5 Qc7
37. Qa6 Kg7 38. Nc6 Rf8 39. Qb5 Qd6 40. Qb7+ Kh6 41. g4 Re8 42. Qa7 Rc8 43. Qf7
Rf8 44. g5+ fxg5 45. Nxe5 gxh4 46. Kh3 c4 47. Kxh4 g5+ 48. Kg4 c3 49. Qh5+ Kg7
50. Qxg5+ Kh8 51. Bf7 Qd1+ 52. Kf5 Qd6 53. Kg4 Qd1+ 54. Kf5 Qd6 55. Kg4 {
(threefold repetition not claimed - ditto, the next three half-moves - JS)}
Qd1+ 56. Kf5 Qd6 57. Qe3 Qc7 $4 (57... Rc8 $11) 58. Qd4 $1 $18 Kg7 59. Ke6 $1
Qd8 60. Nd7+ Kh6 61. Qe3+ Qg5 62. Qh3+ Kg7 63. Qxc3+ Kh6 64. Nxf8 Qg4+ 65. Kd5
1-0

[Event "Regency Masters"]
[Site "Ramsgate"]
[Date "1982.12.09"]
[Round "6.7"]
[White "Grzesik, Thomas"]
[Black "De Boer, Gert Jan"]
[Result "0-1"]
[WhiteElo "2330"]
[BlackElo "2235"]
[PlyCount "82"]
[EventDate "1982.12.04"]
[EventType "swiss"]
[EventRounds "9"]
[EventCountry "ENG"]
[SourceTitle "BritBase"]
[Source "John Saunders"]
[SourceDate "2021.10.06"]
[SourceVersion "1"]
[SourceVersionDate "2021.10.06"]
[SourceQuality "1"]

1. e4 c5 2. Nf3 e6 3. b3 d6 4. d4 cxd4 5. Nxd4 Nf6 6. Bd3 Na6 7. O-O Nc5 8. Re1
Be7 9. c4 Nxd3 10. Qxd3 O-O 11. Nc3 a6 12. a4 Qc7 13. Ba3 Rd8 14. Rac1 b6 15.
Red1 Bb7 16. Qe2 Bf8 17. f3 Rac8 18. Qe3 Ba8 19. Nde2 Nd7 20. Nf4 g6 21. Nce2
Qb8 22. h4 Ne5 23. h5 b5 24. axb5 axb5 25. hxg6 hxg6 26. Nd3 Nc6 27. Bb2 bxc4
28. bxc4 Na5 29. Kf2 Nxc4 30. Rxc4 Rxc4 {(Last two half-moves given as '30
Bxc4 Bxc4' in the bulletin)} 31. Bf6 Bg7 32. Qg5 Rdc8 33. Rh1 {('Rh7' bulletin)
} R8c5 34. e5 Rxe5 35. Nxe5 dxe5 36. Bxg7 Kxg7 37. Rd1 $2 (37. Rh5 $1 $11)
37... Qb2 38. Rd2 Qb6+ 39. Kg3 Qc7 40. Kf2 f6 41. Qe3 Bd5 0-1